Návrh riadenia kotolne s elektrickým zdrojom tepla
Na minha lista:
| Autor principal: | |
|---|---|
| Outros Autores: | |
| Formato: | Manuscrito Livro |
| Idioma: | eslovaco |
| Publicado em: |
2024
|
| Assuntos: | |
| Acesso em linha: | http://is.stuba.sk/zp/portal_zp.pl?podrobnosti=180147 |
| Tags: |
Sem tags, seja o primeiro a adicionar uma tag!
|
MARC
| LEADER | 00000ntm a22000003a 4500 | ||
|---|---|---|---|
| 001 | stuzp96659 | ||
| 003 | SK-STU | ||
| 005 | 20240629211203.6 | ||
| 007 | ta | ||
| 008 | 150427s2015----xo-----f-mn---000-0-slo-d | ||
| 040 | |a STU |b slo | ||
| 041 | 0 | |a slo | |
| 100 | 1 | |a Izakovič, Christian |u 066000 |4 aut |U MTF Materiálovotechnologická fakulta |T MTF Ústav aplikovanej informatiky, automatizácie a mechatroniky |X 115397 |U M6000 |Y 86 |7 115397 | |
| 242 | 0 | 1 | |a Control design of boiler room with electric heat source |y eng |
| 245 | 1 | 0 | |a Návrh riadenia kotolne s elektrickým zdrojom tepla |
| 260 | |c 2024 | ||
| 650 | 4 | |a Amit Amini4DW2 |2 slo | |
| 650 | 4 | |a riadenie |2 slo | |
| 650 | 4 | |a programovateľný logický kontrolér |2 slo | |
| 650 | 4 | |a DetStudio |2 slo | |
| 650 | 4 | |a snímače |2 slo | |
| 650 | 4 | |a Amit Amini4DW2 |2 eng | |
| 650 | 4 | |a control |2 eng | |
| 650 | 4 | |a programmable logic controler |2 eng | |
| 650 | 4 | |a DetStudio |2 eng | |
| 650 | 4 | |a sensors |2 eng | |
| 700 | 1 | |a Gašpar, Gabriel |u 066000 |k Z8 |4 ths |U MTF Materiálovotechnologická fakulta |T MTF Ústav aplikovanej informatiky, automatizácie a mechatroniky |X 44945 |U M6000 |Y 86 |7 A000044945 | |
| 856 | 4 | |u http://is.stuba.sk/zp/portal_zp.pl?podrobnosti=180147 | |
| 996 | |c M* BP-9762 |l MMSKP |s P |a 0 |w stuzp96659_0001 | ||